Statystyki dla Allies of world war II

Kliknij tutaj aby rozwiązać quiz!

Ogólne statystyki

  • Ten quiz został rozwiązany 4 274 razy
    (4 269 od ostatniego zresetowania)
  • Średni wynik to 34 z 68

Statystyki odpowiedzi

data przyłączenia się do koalicji aliantówzabitych żołnierzyzabitych cywilipaństwo/terytorium% Poprawnych
1 września 1939240 0005 440 000Polska
98%
3 września 1939217 600350 000Francja
96%
3 września 1939383 80067 800Wielka Brytania
94%
8 grudnia 1941416 8001 700Stany Zjednoczone
91%
22 czerwca 194110 700 00012 700 000Związek Socjalistycznych Republik Radzieckich
83%
13 października 1943301 400153 100Włochy
82%
2 września 1945 (kapitulacja)2 100 000580 000Japonia
81%
10 września 193945 4000Kanada
81%
8 maja 1945 (kapitulacja)4 633 0002 700 000Niemcy
81%
9 kwietnia 19403 0006 500Norwegia
79%
9 grudnia 19413 800 00016 200 000Republika Chińska
79%
10 maja 194012 10074 000Belgia
77%
10 maja 194017 000194 900Holandia
76%
3 września 193939 800700Australia
75%
^87 0001 500 000Indie Brytyjskie
73%
de facto 9 kwietnia 194021001 100Dania
71%
6 kwietnia 1941446 000581 000Królestwo Jugosławii
71%
4 marca 194595 0002 000Finlandia
70%
1 grudnia 1943446 000581 000Socjalistyczna Federacyjna Republika Jugosławii
70%
28 października 194035 100291 300Królestwo Grecji
69%
22 sierpnia 19429481 000Brazylia
67%
25 sierpnia 1944300 000533 000Rumunia
67%
20 stycznia 1945300 000280 000Węgry
67%
10 maja 194002 000Luksemburg
62%
22 maja 19420100Meksyk
62%
23 lutego 194500Turcja
62%
27 marca 194500Argentyna
60%
3 września 193911 9000Nowa Zelandia
60%
9 września 194422 0003 000Bułgaria
57%
16 grudnia 194125 000320 000Czechosłowacja
54%
9 września 19432000Iran
54%
11 kwietnia 194500Chile
51%
17 stycznia 19431 0000Irak
51%
26 listopada 194300Kolumbia
48%
15 lutego 194500Wenezuela
48%
9 sierpnia 19413000Mongolia
47%
12 lutego 194200Peru
46%
9 grudnia 19410100Kuba
44%
15 lutego 194500Urugwaj
43%
7 grudnia 194100Panama
42%
26 października 194428 000200Albania
41%
7 lutego 194500Paragwaj
41%
7 kwietnia 194300Boliwia
40%
^57 00090 000Wspólnota Filipin (us.)
38%
2 lutego 194500Ekwador
37%
1 marca 194500Arabia Saudyjska
36%
14 grudnia 19425 00095 000Etiopia
36%
8 grudnia 194100Honduras
34%
8 grudnia 194100Dominikana
32%
8 grudnia 194100Haiti
32%
8 grudnia 194100Kostaryka
31%
8 grudnia 194100Nikaragua
29%
8 grudnia 194100Salwador
29%
9 grudnia 194100Gwatemala
28%
4 września 193900Nepal
25%
27 stycznia 194400Liberia
22%
^01 500Malta (br.)
22%
21 września 194400San Marino
20%
^22 000250 000Birma (br.)
17%
25 czerwca 194100Tuwa
17%
27 lutego 194500Liban
14%
^050 000Singapur (br.)
14%
^0100 000Malaje (br.), Królestwo Sarawaku (br.), Borneo Północne (br.)
13%
6 września 193911 0000Związek Południowej Afryki
12%
^04 000 000Holenderskie Indie Wschodnie
11%
^01 000 000Indochiny Francuskie
5%
^1000100Nowa Fundlandia (de iure dominium br.)
4%
2 lutego 194500Bahawalpur
3%

Rozkład punktacji

Percentyl według liczby udzielonych odpowiedzi

Procent ludzi z każdym wynikiem

Twoja historia wyników

Nie rozwiązałeś tego quizu od ostatniego zresetowania